المزرعة / (رقم التسجيلة. 51638)

تفاصيل مارك
000 -LEADER
fixed length control field 00415nam a22001577a 4500
005 - DATE AND TIME OF LATEST TRANSACTION
control field 20251108170910.0
008 - FIXED-LENGTH DATA ELEMENTS--GENERAL INFORMATION
fixed length control field 250721s1987 xx 000 0 ara d
082 14 - DEWEY DECIMAL CLASSIFICATION NUMBER
Classification number ط/631/مزر
245 10 - TITLE STATEMENT
Title المزرعة /
264 1# - PRODUCTION, PUBLICATION, DISTRIBUTION, MANUFACTURE, AND COPYRIGHT NOTICE
Place of production, publication, distribution, manufacture بيروت :
Name of producer, publisher, distributor, manufacturer دار المشرق،
Date of production, publication, distribution, manufacture, or copyright notice 1987.
300 ## - PHYSICAL DESCRIPTION
Extent 26ص : مص
490 0# - SERIES STATEMENT
Series statement مجموعة نبيل وزينة
650 17 - SUBJECT ADDED ENTRY--TOPICAL TERM
Topical term or geographic name as entry element المزرعة
942 ## - ADDED ENTRY ELEMENTS (KOHA)
Source of classification or shelving scheme Dewey Decimal Classification
Koha item type كتب
المقتنيات
حالة السحب حالة الفقدان مصدر التصنيف حالة التلف غير قابل للإعارة المكتبة الرئيسية المكتبة الحالية موقع الرف تاريخ التزويد الرقم المتسلسل Total Checkouts رقم الإستدعاء تاريخ آخر ظهور تاريخ الفاتورة نوع المادة (كوها) الباركود
    Dewey Decimal Classification Unchecked   مكتبة الاميرة بديعة مكتبة الاميرة بديعة الأطفال 06/07/2004 1352   ط/631/مزر 28/07/2025 06/07/2004 كتب  
    Dewey Decimal Classification     مكتبة صويلح العامة مكتبة صويلح العامة الأطفال 23/07/2019 03021   ط/631/مزر 28/07/2025 23/07/2019 كتب PLD00458880
Implemented & Customized by: BBB with SCIT (Smart Chains for Information Technology)

Powered by Koha